[Event "38th Olympiad w"]
[Site "Dresden GER"]
[Date "2008.11.15"]
[Round "3"]
[White "Mencos,C"]
[Black "Golubenko,Valen"]
[Result "0-1"]
[WhiteElo "1914"]
[BlackElo "2273"]
[EventDate "2008.11.13"]

1. e4 e6 2. d3 d5 3. Nd2 Nf6 4. Ngf3 c5 5. g3 Nc6 6. Bg2 Be7 7. O-O O-O 8.
c3 Qc7 9. Re1 dxe4 10. dxe4 e5 11. h3 Rd8 12. Qc2 b6 13. Nf1 Ba6 14. N3d2
Bd3 15. Qd1 Rd7 16. Qf3 Ba6 17. Ne3 Rad8 18. Ndf1 Rd3 19. Nh2 Bb7 20. Bf1
R3d7 21. Nf5 Ne8 22. Ng4 Bf8 23. h4 Ne7 24. Nxe7+ Rxe7 25. h5 h6 26. Bg2
Nd6 27. Qe2 Qc8 28. Nh2 Qe6 29. b3 c4 30. Qc2 Rc7 31. Bb2 cxb3 32. axb3 Nb5
33. Red1 Rxd1+ 34. Rxd1 Nd4 35. Qb1 Ne2+ 36. Kh1 Qxb3 37. Nf1 Nxc3 38. Bxc3
Qxb1 39. Rxb1 Rxc3 40. Rd1 a5 41. Ne3 Bc5 42. Nd5 Ra3 43. Rb1 Bxf2 44. Nxb6
Rxg3 45. Nc4 Rh3+ 46. Bxh3 Bxe4+ 47. Bg2 Bxb1 48. Nxe5 a4 49. Bd5 a3 0-1

[Event "38th Olympiad w"]
[Site "Dresden GER"]
[Date "2008.11.15"]
[Round "3"]
[White "Medic,Mir"]
[Black "Castillo,Di"]
[Result "1/2-1/2"]
[WhiteElo "2281"]
[BlackElo "2041"]
[EventDate "2008.11.13"]

1. Nf3 c5 2. c4 Nf6 3. Nc3 e6 4. e3 Nc6 5. d4 d5 6. cxd5 exd5 7. dxc5 Bxc5
8. Be2 O-O 9. O-O Bb6 10. Nd4 Nxd4 11. exd4 Bf5 12. Bg5 Be4 13. Qd2 Qd6 14.
Rad1 Rad8 15. Bf4 Qd7 16. Be5 Qe6 17. Qf4 Nd7 18. Bc7 Bxc7 19. Qxc7 Rc8 20.
Qxb7 Rb8 21. Qxa7 Rxb2 22. Rde1 Nf6 23. Bf3 Qf5 24. Bxe4 dxe4 25. Nd1 Rd2
26. Ne3 Qb5 27. Rd1 Qb2 28. Rxd2 Qxd2 29. Rd1 Qe2 30. Qa4 h6 31. d5 Rb8 32.
Qd4 Rb2 33. Rf1 Rxa2 34. d6 Rd2 35. Qc5 Qd3 36. Qc8+ Kh7 37. Qf5+ Kg8 38.
Ra1 Ne8 39. h3 Qxd6 40. Qxe4 Nc7 41. g3 g6 42. Kg2 Qf6 43. Rf1 Ne6 44. Ng4
Qg5 45. h4 Qc5 46. h5 gxh5 47. Nxh6+ Kg7 48. Nf5+ Kf8 49. Ne3 Ng5 50. Qa8+
Kg7 51. Re1 1/2-1/2

[Event "38th Olympiad w"]
[Site "Dresden GER"]
[Date "2008.11.15"]
[Round "3"]
[White "Mazariegos,S"]
[Black "Franciskovic,B"]
[Result "1-0"]
[WhiteElo "1962"]
[BlackElo "2275"]
[EventDate "2008.11.13"]

1. d4 Nf6 2. Nf3 e6 3. Bf4 b6 4. e3 Bb7 5. Nbd2 Be7 6. Bd3 c5 7. c3 d6 8.
h3 O-O 9. Qe2 cxd4 10. exd4 Nbd7 11. O-O Re8 12. Rfe1 Qc7 13. Bh2 Nf8 14.
Ng5 h6 15. Nge4 N8d7 16. f4 Bf8 17. g4 Nxe4 18. Nxe4 e5 19. fxe5 dxe5 20.
Qf2 Qc6 21. Qf5 g6 22. Qxd7 1-0

[Event "38th Olympiad w"]
[Site "Dresden GER"]
[Date "2008.11.15"]
[Round "3"]
[White "Sargac,R"]
[Black "Figueroa,J"]
[Result "0-1"]
[WhiteElo "2195"]
[BlackElo "1761"]
[EventDate "2008.11.13"]

1. d4 d5 2. Nf3 Nf6 3. c4 e6 4. Nc3 Be7 5. Bg5 h6 6. Bxf6 Bxf6 7. e4 dxe4
8. Nxe4 Be7 9. a3 b6 10. Bd3 Bb7 11. O-O O-O 12. Bc2 Nd7 13. Qd3 Bxe4 14.
Qxe4 Nf6 15. Qd3 c5 16. Rad1 cxd4 17. Nxd4 Bc5 18. Qc3 Qc7 19. Nf3 Rfd8 20.
b4 Be7 21. Nd4 Ng4 22. Qg3 Qxg3 23. hxg3 Ne5 24. Be4 Rac8 25. b5 Rxc4 26.
Nc6 Nxc6 27. bxc6 Rxe4 28. Rxd8+ Bxd8 29. Rd1 Bc7 30. Rd7 Be5 31. f4 Rc4
32. fxe5 Rxc6 33. Rxa7 Rc5 34. Ra6 b5 35. Ra5 Rxe5 36. a4 Re1+ 37. Kf2 Ra1
38. Ra8+ Kh7 39. a5 b4 40. Rb8 Rxa5 41. Rxb4 Ra3 42. Rb7 Kg6 43. Rb6 h5 44.
Rb5 f5 45. Rb6 Kf6 46. Rb8 e5 47. Rb6+ Kg5 48. Re6 e4 49. Re7 g6 50. Re6
Ra2+ 51. Kg1 Rb2 52. Kf1 Rc2 53. Kg1 Rc8 54. Kf2 Rg8 55. Re7 h4 56. gxh4+
Kxh4 57. Ra7 Kg4 58. Ke3 Re8 59. Rf7 g5 60. Ra7 f4+ 61. Ke2 Kg3 62. Rg7 g4
0-1

[Event "38th Olympiad w"]
[Site "Dresden GER"]
[Date "2008.11.15"]
[Round "3"]
[White "Ciuksyte,D"]
[Black "Milligan,H"]
[Result "1-0"]
[WhiteElo "2339"]
[BlackElo "1957"]
[EventDate "2008.11.13"]

1. e4 e5 2. Nf3 Nc6 3. Bb5 a6 4. Ba4 Nf6 5. O-O Be7 6. Re1 b5 7. Bb3 d6 8.
c3 O-O 9. h3 Bb7 10. d4 Re8 11. Nbd2 Bf8 12. a3 h6 13. Ba2 Nb8 14. d5 c6
15. c4 Nbd7 16. b4 Nb6 17. dxc6 Bxc6 18. Qb3 Qd7 19. cxb5 axb5 20. Bb2 Na4
21. Rac1 Nxb2 22. Qxb2 Rec8 23. Qb3 Qa7 24. Rc3 Be8 25. Rec1 Qb7 26. Nh4
Rxc3 27. Qxc3 Bd7 28. Ng6 Rc8 29. Qb2 Rxc1+ 30. Qxc1 Nxe4 31. Nxe4 Qxe4 32.
Qc7 Qxg6 33. Qxd7 Qf6 34. Qxb5 Qf4 35. g3 Qc1+ 36. Kg2 Qxa3 37. Qd5 Qa7 38.
b5 Kh7 39. Bc4 h5 40. Qc6 d5 41. b6 Qa3 42. Qxd5 f6 43. b7 Qb4 44. Qf7 Kh6
45. Bd3 e4 46. Qe8 Bd6 47. Bxe4 1-0

[Event "38th Olympiad w"]
[Site "Dresden GER"]
[Date "2008.11.15"]
[Round "3"]
[White "Gao,J"]
[Black "Lauterbach,I"]
[Result "*"]
[WhiteElo "1896"]
[BlackElo "2178"]
[EventDate "2008.11.13"]

1. d4 d6 2. Nf3 Nf6 3. e3 Nbd7 4. Nbd2 e5 5. Bd3 Be7 6. b3 c6 7. Bb2 exd4
8. exd4 Nd5 9. O-O N7f6 10. Re1 O-O 11. c4 Nf4 12. Ne4 Nxd3 13. Qxd3 d5 14.
Nxf6+ Bxf6 15. c5 g6 16. Bc1 Bf5 17. Qc3 g5 18. Qd2 h6 19. h4 g4 20. Ne5
Bg7 21. Qf4 Qc8 22. f3 gxf3 23. gxf3 h5 24. Qg3 Bh7 25. Bh6 Bg6 26. Nxg6
fxg6 27. Qxg6 Rf7 28. Qxh5 Bxd4+ 29. Kg2 Bxa1 30. Rxa1 Qf5 31. Qg5+ Kh7 32.
Qxf5+ Rxf5 33. Bg5 Re8 34. Kf2 Rfe5 35. Kg3 Re2 36. a3 Kg6 37. Rg1 Kh5 38.
Kh3 Rf2 39. Kg3 Rb2 40. b4 Rb3 41. Kf2 Rb2+ 42. Kg3 Ra2 43. Kf4 Rf8+ 44.
Ke5 Rxf3 45. Be7 Re2+ 46. Kd6 Rf5 47. Rg8 d4 48. Bg5 Rf7 *

[Event "38th Olympiad w"]
[Site "Dresden GER"]
[Date "2008.11.15"]
[Round "3"]
[White "Grigoryan Lyell,M"]
[Black "Smith,V"]
[Result "1-0"]
[WhiteElo "2076"]
[BlackElo "1858"]
[EventDate "2008.11.13"]

1. d4 Nf6 2. c4 c5 3. d5 b5 4. Qc2 d6 5. e4 bxc4 6. Bxc4 Nbd7 7. Nf3 Qc7 8.
Nc3 g6 9. b3 Bg7 10. Bb2 O-O 11. O-O a6 12. Rfe1 Ng4 13. Nd1 Bxb2 14. Nxb2
Nge5 15. Nxe5 Nxe5 16. f4 Nxc4 17. Nxc4 a5 18. Rac1 Ba6 19. Ne3 Rab8 20.
Ng4 h5 21. Nf2 Qd7 22. Re3 f5 23. Rg3 Kh7 24. Nh3 Rb4 25. Ng5+ Kh6 26. Ne6
Rf7 27. Qc3 Rf6 28. exf5 gxf5 29. Rg8 Kh7 30. Qg3 1-0

[Event "38th Olympiad w"]
[Site "Dresden GER"]
[Date "2008.11.15"]
[Round "3"]
[White "Fairley,N"]
[Black "Bhatia,K"]
[Result "0-1"]
[WhiteElo "1803"]
[BlackElo "2065"]
[EventDate "2008.11.13"]

1. e4 e5 2. Nf3 Nc6 3. Bc4 Bc5 4. c3 Nf6 5. d3 a6 6. b4 Ba7 7. O-O O-O 8.
Be3 h6 9. Bxa7 Rxa7 10. Nbd2 d6 11. a4 Ne7 12. Qc2 Ng6 13. d4 Nh5 14. Rfe1
Qf6 15. Re3 Ngf4 16. dxe5 dxe5 17. Bf1 Re8 18. Kh1 Ra8 19. c4 Bg4 20. Qc3
Qe7 21. Qb2 Nf6 22. Qc3 Bd7 23. a5 Ng4 24. Ree1 Nxf2+ 25. Kg1 Ng4 26. c5
Rad8 27. Nc4 Ng6 28. g3 Bc6 29. Ra2 h5 30. Rae2 h4 31. Nxh4 Nxh4 32. gxh4
Qxh4 33. Qg3 Qxg3+ 34. hxg3 Rd4 35. Rb2 Bxe4 36. Be2 Nh6 37. Bf1 f6 38. Nd2
Bc6 39. Bc4+ Bd5 40. Bxd5+ Rxd5 41. Re2 Nf5 42. Kg2 Nd4 43. Re4 f5 44. Rh4
e4 45. Nb3 Nxb3 46. Rxb3 Rd2+ 47. Kf1 e3 48. Rb1 Kf7 49. Rh1 Kf6 50. Rg1
Ke5 51. Ke1 Ke4 52. Rf1 g5 53. b5 Red8 54. Rh1 e2 55. Rb4+ Ke5 0-1

[Event "38th Olympiad w"]
[Site "Dresden GER"]
[Date "2008.11.15"]
[Round "3"]
[White "Blackburn,Su"]
[Black "Petrenko,S"]
[Result "1-0"]
[WhiteElo "1883"]
[BlackElo "2285"]
[EventDate "2008.11.13"]

1. d4 Nf6 2. Nf3 g6 3. Bg5 Bg7 4. Nbd2 d5 5. e3 O-O 6. Bd3 b6 7. O-O Bb7 8.
c4 Nbd7 9. b4 dxc4 10. Bxc4 Ne8 11. Rc1 Nd6 12. Bd3 Nf6 13. Qc2 Nd5 14. a3
f5 15. h3 Rc8 16. Qb3 Kh8 17. Bh4 Qe8 18. a4 e6 19. Nc4 Nf7 20. Bg3 Qe7 21.
b5 Nb4 22. Be2 c5 23. bxc6 Bxc6 24. Nd6 Nxd6 25. Qxb4 Rfd8 26. Ne5 a5 27.
Qa3 Qe8 28. Bh4 Bxe5 29. Bxd8 Rxd8 30. dxe5 Nf7 31. Qb3 Bxa4 32. Qxb6 Ra8
33. Bf3 Rb8 34. Qxa5 Kg8 35. Rc7 Bb5 36. Rfc1 Nxe5 37. Qa7 Nxf3+ 38. gxf3
Ra8 39. Qd4 e5 40. Qd5+ Kh8 41. Qb7 1-0

[Event "38th Olympiad w"]
[Site "Dresden GER"]
[Date "2008.11.15"]
[Round "3"]
[White "Smokina,K"]
[Black "Smith,O"]
[Result "1-0"]
[WhiteElo "2235"]
[BlackElo "1961"]
[EventDate "2008.11.13"]

1. d4 Nf6 2. c4 e5 3. dxe5 Ng4 4. Nf3 Bc5 5. e3 Nc6 6. Bd2 O-O 7. Bc3 Re8
8. h3 Ngxe5 9. Nxe5 Nxe5 10. Qd5 Qe7 11. Bxe5 Qxe5 12. Qxe5 Rxe5 13. Nc3
Bb4 14. Rc1 d5 15. cxd5 Rxd5 16. a3 Bxc3+ 17. Rxc3 c6 18. Bc4 Rd6 19. Ke2
Bf5 20. g4 Be4 21. f3 Bd5 22. Bxd5 Rxd5 23. Rd1 Rxd1 24. Kxd1 Rd8+ 25. Ke2
Kf8 26. f4 Ke7 27. Rc1 Rd5 28. e4 Rb5 29. b4 Kd6 30. Rd1+ Ke7 31. Kd3 a5
32. Kc4 axb4 33. axb4 f6 34. h4 h6 35. h5 Rb6 36. Ra1 Rb5 37. Ra8 Ke6 38.
Rg8 Kf7 39. Rc8 Ke7 40. Rc7+ Kf8 41. Rd7 Kg8 42. Rd8+ Kf7 43. Rc8 Ke7 44.
Rg8 Kf7 45. Rb8 Ke6 46. Ra8 Ke7 47. Ra5 Rxa5 48. bxa5 Kd6 49. Kb4 Kc7 50.
Kc5 1-0

[Event "38th Olympiad w"]
[Site "Dresden GER"]
[Date "2008.11.15"]
[Round "3"]
[White "Owens,M"]
[Black "Partac,E"]
[Result "0-1"]
[WhiteElo "1783"]
[BlackElo "2168"]
[EventDate "2008.11.13"]

1. d4 Nf6 2. c4 e6 3. Nc3 Bb4 4. e3 b6 5. a3 Bxc3+ 6. bxc3 Bb7 7. Ne2 O-O
8. Ng3 d6 9. f3 c5 10. Bd3 Nc6 11. O-O Rc8 12. d5 Ne5 13. e4 Qd7 14. f4
Nxd3 15. Qxd3 Ba6 16. a4 exd5 17. exd5 Rfe8 18. Bd2 Rcd8 19. h3 Re7 20.
Rfe1 Rxe1+ 21. Bxe1 Re8 22. Bf2 Re7 23. a5 b5 24. cxb5 Bxb5 25. c4 Ba6 26.
Rb1 Re8 27. Qc2 h5 28. Re1 Rxe1+ 29. Bxe1 Qe8 30. Bf2 g6 31. Qb2 Qd8 32.
Qc3 h4 33. Ne2 Ne4 34. Qd3 Nxf2 35. Kxf2 Qxa5 36. f5 Qd8 37. g4 hxg3+ 38.
Nxg3 Qf6 39. Qe4 Kg7 40. Kg2 Qb2+ 41. Kh1 Qc1+ 42. Kg2 Qxc4 43. fxg6 Qxe4+
44. Nxe4 Bb7 45. Nxd6 Bxd5+ 46. Kf2 fxg6 0-1

[Event "38th Olympiad w"]
[Site "Dresden GER"]
[Date "2008.11.15"]
[Round "3"]
[White "Sedina,E"]
[Black "Segarra Choer,T"]
[Result "1-0"]
[WhiteElo "2365"]
[BlackElo "1819"]
[EventDate "2008.11.13"]

1. e4 d6 2. d4 Nf6 3. Nc3 g6 4. Be3 c6 5. Qd2 b5 6. f3 Nbd7 7. g4 Nb6 8. g5
Nfd7 9. h4 Bg7 10. h5 Qc7 11. a4 Nc4 12. Bxc4 bxc4 13. Qe2 Rb8 14. Qxc4
Rxb2 15. h6 Bf8 16. Nb5 Qa5+ 17. Bd2 cxb5 18. Qxc8+ Qd8 19. Qc3 1-0

[Event "38th Olympiad w"]
[Site "Dresden GER"]
[Date "2008.11.15"]
[Round "3"]
[White "Sanchez Rodriguez,W"]
[Black "Ambrosi,E"]
[Result "0-1"]
[WhiteElo "1773"]
[BlackElo "2128"]
[EventDate "2008.11.13"]

1. e4 c5 2. Nc3 Nc6 3. g3 g6 4. Bg2 Bg7 5. d3 d6 6. Be3 e6 7. Nf3 Nd4 8.
O-O Ne7 9. Rb1 O-O 10. Ne2 e5 11. c3 Nxe2+ 12. Qxe2 f5 13. exf5 Nxf5 14.
Bg5 Qc7 15. Qe4 Be6 16. a3 Qf7 17. Nh4 d5 18. Qa4 h6 19. Bd2 a6 20. Nxf5
Qxf5 21. d4 exd4 22. cxd4 cxd4 23. Qb3 Qf7 24. Rbe1 Rad8 25. Qb6 Bf5 26.
Rc1 Rd7 27. Bb4 Re8 28. Qa5 d3 29. Rc7 Rxc7 0-1

[Event "38th Olympiad w"]
[Site "Dresden GER"]
[Date "2008.11.15"]
[Round "3"]
[White "Brunello,M"]
[Black "Basem Hassan,M"]
[Result "1-0"]
[WhiteElo "2117"]
[BlackElo "1935"]
[EventDate "2008.11.13"]

1. e4 c5 2. c3 d5 3. exd5 Qxd5 4. d4 Nc6 5. Nf3 Bg4 6. Be2 Nf6 7. O-O e6 8.
Be3 cxd4 9. cxd4 Be7 10. Nc3 Qa5 11. h3 Bh5 12. a3 O-O 13. Qb3 Qc7 14. d5
exd5 15. Nxd5 Nxd5 16. Qxd5 Bg6 17. Rac1 Rfd8 18. Qc4 Bf6 19. b4 Qe7 20.
Qa2 Nd4 21. Nxd4 Bxd4 22. Bxd4 Rxd4 23. Bf3 Rad8 24. Rfe1 Qd7 25. Qe2 h6
26. Qe5 Qa4 27. Rc3 Rd3 28. Rxd3 Bxd3 29. Qe7 Qd7 30. Bxb7 Bf5 31. Bf3 Be6
1-0

[Event "38th Olympiad w"]
[Site "Dresden GER"]
[Date "2008.11.15"]
[Round "3"]
[White "Munoz,Ca"]
[Black "Vojinovic,J"]
[Result "0-1"]
[WhiteElo "2026"]
[BlackElo "2332"]
[EventDate "2008.11.13"]

1. e4 e6 2. d4 d5 3. exd5 exd5 4. Nf3 Nc6 5. Bb5 Bd6 6. c4 dxc4 7. d5 a6 8.
Ba4 Bb4+ 9. Nc3 b5 10. dxc6 bxa4 11. Qxd8+ Kxd8 12. Bg5+ f6 13. O-O-O+ Ke8
14. Nd5 Bd6 15. Bf4 Bxf4+ 16. Nxf4 Ne7 17. Rd4 g5 18. Nh5 Kf7 19. Rxc4 a3
20. Nd4 axb2+ 21. Kxb2 Rb8+ 22. Kc2 Rd8 23. Ng3 Be6 24. Nxe6 Kxe6 25. Ne4
Rb6 26. Re1 Kf7 27. Nc3 Rd6 28. Re3 Rbxc6 29. Rxc6 Rxc6 30. Kb3 Rb6+ 31.
Ka4 f5 32. Re2 Rc6 33. Kb3 Ng6 34. g3 h5 35. Nd5 Rc5 36. Nb4 a5 37. Nd3 Rd5
38. Kc4 c6 39. Rb2 f4 40. Rb7+ Kf6 41. Rc7 Kf5 42. f3 fxg3 43. hxg3 g4 44.
Rxc6 Rxd3 45. fxg4+ hxg4 46. Rxg6 Rxg3 47. Rg8 Ra3 48. Kd4 Kf4 49. Rf8+ Kg3
50. Ke4 Rxa2 51. Ra8 a4 52. Kd4 0-1

[Event "38th Olympiad w"]
[Site "Dresden GER"]
[Date "2008.11.15"]
[Round "3"]
[White "Drljevic,L"]
[Black "Da Bosco,C"]
[Result "*"]
[WhiteElo "2259"]
[BlackElo "1966"]
[EventDate "2008.11.13"]

1. e4 e6 2. d3 d5 3. Nd2 c5 4. g3 Bd6 5. Bg2 Ne7 6. Ngf3 Nbc6 7. O-O O-O 8.
Nh4 b6 9. f4 dxe4 10. Nxe4 Rb8 11. Qh5 Nd4 12. c3 Ndf5 13. Nf3 Nd5 14. Re1
Ba6 15. g4 Nfe7 16. c4 Nxf4 17. Bxf4 Bxf4 18. Rad1 Nc6 19. Kh1 Nd4 20. Rf1
Nxf3 21. Rxf3 e5 22. g5 Bc8 23. Bh3 g6 24. Qh4 h5 25. Bxc8 Rxc8 26. Nf6+
Kg7 27. Rdf1 Rc7 28. Rg1 Qa8 29. Nd5 Rd7 30. b3 Rxd5 31. cxd5 Qxd5 32. Qh3
Rd8 33. Qf1 Qb7 34. Qe2 Rd4 35. Rg2 Qd5 36. Kg1 a5 37. Rgf2 a4 38. bxa4
Rxa4 39. Qb2 Rb4 40. Qc3 Rb1+ 41. Kg2 Bxg5 42. Kh3 Qe6+ 43. Kg2 f6 44. h3
Bf4 45. Rb2 Rxb2+ 46. Qxb2 g5 47. Qb3 Qxb3 48. axb3 g4 49. hxg4 hxg4 50.
Rf2 f5 51. Ra2 Kg6 52. Ra6 Bd2 53. Rxb6+ Kg5 54. Rc6 Bb4 55. Kg3 f4+ 56.
Kg2 f3+ 57. Kf2 Kf5 58. Rc8 Kf4 59. Rf8+ Kg5 60. Rg8+ Kf4 *

[Event "38th Olympiad w"]
[Site "Dresden GER"]
[Date "2008.11.15"]
[Round "3"]
[White "Wijesuriya,GV"]
[Black "Moser,E"]
[Result "0-1"]
[WhiteElo "1937"]
[BlackElo "2376"]
[EventDate "2008.11.13"]

1. e4 e5 2. Nf3 d6 3. d4 exd4 4. Nxd4 Nf6 5. Nc3 Be7 6. Bd3 O-O 7. O-O c6
8. Re1 Re8 9. Qf3 Bf8 10. Nf5 Bxf5 11. Qxf5 Nbd7 12. f4 g6 13. Qh3 Bg7 14.
Be3 Qa5 15. Rab1 Rad8 16. Bf2 Nf8 17. g4 h5 18. g5 Ng4 19. Ne2 Nxf2 20.
Kxf2 Ne6 21. Qf3 d5 22. e5 c5 23. Nc3 Qb4 24. Nxd5 Qd4+ 25. Ne3 Nxf4 26.
Bb5 Rf8 27. c3 Qxe5 28. h4 Nd3+ 29. Bxd3 Rxd3 30. Kg1 Re8 31. Rf1 Qxe3+ 32.
Qxe3 Rexe3 33. Rf2 Be5 34. Rbf1 Rg3+ 35. Kh1 Rh3+ 0-1

[Event "38th Olympiad w"]
[Site "Dresden GER"]
[Date "2008.11.15"]
[Round "3"]
[White "Kopinits,A"]
[Black "Walallawita,L"]
[Result "1-0"]
[WhiteElo "2270"]
[BlackElo "1818"]
[EventDate "2008.11.13"]

1. e4 c5 2. b3 d6 3. Bb2 Nf6 4. Bb5+ Bd7 5. Bxd7+ Qxd7 6. d3 g6 7. f4 Qc6
8. Nf3 Bg7 9. O-O Nbd7 10. Qe2 O-O 11. c4 a6 12. Nc3 e5 13. Nd2 Ne8 14. Nd5
Nc7 15. Ne7+ Kh8 16. Nxc6 bxc6 17. fxe5 Nxe5 18. Nf3 Nd7 19. Bxg7+ Kxg7 20.
Qb2+ f6 21. Rae1 Rae8 22. Qc3 Ne6 23. h4 h6 24. d4 cxd4 25. Nxd4 c5 26.
Nxe6+ Rxe6 27. Qh3 Re7 28. h5 g5 29. Qf5 Ne5 30. Rd1 Rd7 31. Rd5 Rff7 32.
Rfd1 a5 33. Rxe5 fxe5 34. Qg6+ 1-0

[Event "38th Olympiad w"]
[Site "Dresden GER"]
[Date "2008.11.15"]
[Round "3"]
[White "Perera,A"]
[Black "Novkovic,J"]
[Result "1/2-1/2"]
[WhiteElo "1828"]
[BlackElo "2161"]
[EventDate "2008.11.13"]

1. e4 c5 2. Nc3 Nc6 3. g3 g6 4. Bg2 Bg7 5. d3 d6 6. f4 e6 7. Nf3 Nge7 8.
O-O O-O 9. Be3 Rb8 10. Qd2 b6 11. Rab1 d5 12. Bf2 dxe4 13. dxe4 Qxd2 14.
Nxd2 Nb4 15. Rfd1 Nxc2 16. Nc4 Ba6 17. Bf1 Bd4 18. Rd2 Bxc4 19. Rxc2 Bxf2+
20. Kxf2 Bxf1 21. Rxf1 Rfd8 22. Ke3 Rb7 23. Rd1 Rxd1 24. Nxd1 e5 25. Rd2
exf4+ 26. gxf4 Nc6 27. Nc3 Kg7 28. e5 Nd4 29. Ne4 Rd7 30. Nd6 Kf8 31. Ke4
Nc6 32. a3 Ne7 33. Rd3 Nf5 34. Nc8 Rc7 35. Nd6 Ne7 36. Nb5 Rb7 37. Rd8+ Kg7
1/2-1/2

[Event "38th Olympiad w"]
[Site "Dresden GER"]
[Date "2008.11.15"]
[Round "3"]
[White "Mira,H"]
[Black "Thilakawardana,S"]
[Result "1/2-1/2"]
[WhiteElo "2115"]
[BlackElo "1815"]
[EventDate "2008.11.13"]

1. d4 Nf6 2. c4 e6 3. Nf3 Bb4+ 4. Bd2 Bxd2+ 5. Qxd2 b6 6. Nc3 Bb7 7. Qd3 d6
8. e4 Nbd7 9. Be2 O-O 10. O-O e5 11. d5 Ne8 12. b4 g6 13. Qd2 Kg7 14. Rfc1
h6 15. Ne1 f5 16. Bd3 f4 17. Be2 Nef6 18. f3 g5 19. Nd3 Ba6 20. Nd1 g4 21.
N1f2 gxf3 22. Bxf3 Qe8 23. c5 Qg6 24. cxd6 cxd6 25. Rc7 Rf7 26. Rac1 Ne8
27. R7c3 Ndf6 28. a4 Rd8 29. b5 Bb7 30. Qe2 Kf8 31. Nb4 Rg7 32. Nfd3 h5 33.
Nc6 Ra8 34. Ne1 Rh7 35. Nd3 Rg7 36. Ndb4 Ng4 37. a5 Ne3 38. a6 Bxc6 39.
Rxc6 h4 40. Kh1 Qh6 41. Nd3 h3 42. gxh3 Qxh3 43. Rg1 Rxg1+ 44. Kxg1 Rd8 45.
Nf2 Qh7 46. Ng4 Qg6 47. Kh1 Nxg4 48. Bxg4 Nf6 49. Bf5 Qg5 50. Qg2 Qh5 51.
Rc1 Qh6 52. Rg1 Re8 53. Qf2 Re7 54. Rg6 Qh8 55. Qc2 Ne8 56. Qc8 Rc7 57. Qe6
Rc1+ 58. Rg1 Rxg1+ 59. Kxg1 Qf6 60. Qc8 Qg5+ 61. Kf1 Qh5 62. Bd7 Qd1+ 63.
Kf2 Qd2+ 64. Kf1 Qd1+ 65. Kf2 Qd2+ 66. Kf1 Qd1+ 1/2-1/2

[Event "38th Olympiad w"]
[Site "Dresden GER"]
[Date "2008.11.15"]
[Round "3"]
[White "Basta Sohair,F"]
[Black "Vasquez Ramirez,R"]
[Result "0-1"]
[WhiteElo "2051"]
[BlackElo "2284"]
[EventDate "2008.11.13"]

1. d4 d5 2. c4 dxc4 3. Nf3 Nf6 4. e3 a6 5. Bxc4 e6 6. O-O c5 7. dxc5 Qc7 8.
b3 Bxc5 9. Bb2 Nbd7 10. Nbd2 O-O 11. Rc1 Qd6 12. e4 e5 13. Qe2 b5 14. Bd3
Re8 15. Nh4 Nf8 16. Nf5 Qb6 17. Rc2 Ng6 18. g3 Bb7 19. Rfc1 Rac8 20. a3
Red8 21. b4 Bxf2+ 22. Qxf2 Qxf2+ 23. Kxf2 Rxc2 24. Rxc2 Rxd3 25. Ke2 Rd7
26. Kf3 h5 27. h3 Nxe4 28. Nxe4 Rd3+ 29. Ne3 f5 30. Ke2 Bxe4 31. Rc7 f4 32.
gxf4 Nxf4+ 33. Kf2 Rd2+ 0-1

[Event "38th Olympiad w"]
[Site "Dresden GER"]
[Date "2008.11.15"]
[Round "3"]
[White "Moncayo Romero,E"]
[Black "Alaa el Din,Y"]
[Result "1-0"]
[WhiteElo "2142"]
[BlackElo "1959"]
[EventDate "2008.11.13"]

1. e4 e6 2. d4 d5 3. Nd2 dxe4 4. Nxe4 Nd7 5. Bd3 Ngf6 6. Nxf6+ Nxf6 7. Nf3
b6 8. Bg5 Be7 9. Qe2 Bb7 10. O-O-O O-O 11. Kb1 Re8 12. c4 Qd6 13. Ne5 g6
14. f4 c5 15. dxc5 Qxc5 16. Rhe1 Bd8 17. Bc2 Bc6 18. Rxd8 Raxd8 19. Bxf6
Rd6 20. Ng4 h5 21. Ne5 b5 22. g4 bxc4 23. gxh5 c3 24. hxg6 Rb8 25. gxf7+
Kf8 26. Bg7+ Ke7 27. f8=Q+ Rxf8 28. Bxf8+ Kxf8 29. Qh5 1-0

[Event "38th Olympiad w"]
[Site "Dresden GER"]
[Date "2008.11.15"]
[Round "3"]
[White "Algildah,N"]
[Black "Heinatz,G"]
[Result "0-1"]
[WhiteElo "1951"]
[BlackElo "2227"]
[EventDate "2008.11.13"]

1. e4 c5 2. Nf3 Nc6 3. d4 cxd4 4. Nxd4 g6 5. Nxc6 bxc6 6. Qd4 Nf6 7. e5 Nd5
8. e6 Nf6 9. exd7+ Qxd7 10. Be3 Bg7 11. c3 O-O 12. Qxd7 Bxd7 13. Bc4 Rfb8
14. Bc1 Ne4 15. O-O Bf5 16. Re1 e5 17. Be2 Nc5 18. Rd1 e4 19. g4 Be6 20. b3
Rd8 21. Rxd8+ Rxd8 22. Be3 Nd3 23. h3 Nb4 24. Na3 Bxc3 25. Rd1 Rxd1+ 26.
Bxd1 a5 27. Nb1 Nxa2 28. Bc2 Bd5 29. Kf1 Bb4 30. Nd2 f5 31. gxf5 gxf5 32.
f3 Bxd2 33. Bxd2 Nb4 34. fxe4 fxe4 35. Bd1 Kg7 36. Bc3+ Kg6 37. Bd4 Nd3 38.
Be3 Kf5 39. Kg1 Ke5 40. Kh2 Be6 41. Kg3 Kd6 42. Bd2 Bxh3 43. Bxa5 Be6 44.
Bd2 Kc5 45. Bc2 Kd4 46. Ba5 c5 0-1

[Event "38th Olympiad w"]
[Site "Dresden GER"]
[Date "2008.11.15"]
[Round "3"]
[White "Al Jelda,F"]
[Black "Lematschko,T"]
[Result "0-1"]
[WhiteElo "1857"]
[BlackElo "2195"]
[EventDate "2008.11.13"]

1. e4 g6 2. d4 Bg7 3. c4 d6 4. Nc3 c6 5. Be3 Nd7 6. Bd3 e5 7. d5 c5 8. Nge2
Ne7 9. Qd2 a6 10. Bh6 Bf6 11. Bg5 Bxg5 12. Qxg5 O-O 13. h4 f6 14. Qh6 Rf7
15. g4 Kh8 16. O-O-O Qf8 17. Qe3 f5 18. gxf5 gxf5 19. exf5 Nxf5 20. Bxf5
Rxf5 21. Ne4 Nf6 22. f3 Nh5 23. Rdf1 b5 24. b3 Nf4 25. Rhg1 Ra7 26. Nxf4
Rxf4 27. Rf2 Bf5 28. Nxc5 Rg7 29. Rfg2 Rxg2 30. Rxg2 bxc4 31. Nxa6 cxb3 32.
Qc3 Bc8 33. Nb4 Rxf3 34. Qd2 Rf1+ 35. Kb2 bxa2 36. Nxa2 Bh3 37. Re2 Bf5 0-1

[Event "38th Olympiad w"]
[Site "Dresden GER"]
[Date "2008.11.15"]
[Round "3"]
[White "Saleh,No"]
[Black "Sahl,S"]
[Result "1/2-1/2"]
[WhiteElo "1876"]
[BlackElo "2219"]
[EventDate "2008.11.13"]

1. d4 d5 2. c4 c6 3. Nc3 Nf6 4. e3 e6 5. Nf3 Bd6 6. Qc2 O-O 7. Be2 Nbd7 8.
O-O h6 9. e4 dxe4 10. Nxe4 Be7 11. h3 c5 12. Rd1 cxd4 13. Nxd4 a6 14. Be3
Qc7 15. Rac1 b6 16. Ng3 Bb7 17. a3 Rac8 18. Nf3 Bd6 19. Nf1 Rfd8 20. Ne1
Bf4 21. Bxf4 Qxf4 22. Qd2 Qc7 23. Qe3 Nf8 24. Rxd8 Rxd8 25. Bf3 Ng6 26. Rc3
Rc8 27. Nd2 Ne7 28. Bxb7 Qxb7 29. Rb3 Nd7 30. Nef3 Nf5 31. Qe1 Qc7 32. Rc3
Qd6 33. Qe2 Nc5 34. Ne4 Nxe4 35. Qxe4 Qd1+ 36. Kh2 Qd6+ 37. Kg1 Qd1+ 38.
Qe1 1/2-1/2

[Event "38th Olympiad w"]
[Site "Dresden GER"]
[Date "2008.11.15"]
[Round "3"]
[White "Bjerke,S"]
[Black "Bukhashem,F"]
[Result "1-0"]
[WhiteElo "2204"]
[BlackElo "1740"]
[EventDate "2008.11.13"]

1. e4 c5 2. Nf3 d6 3. d4 cxd4 4. Nxd4 Nf6 5. Nc3 a6 6. Bc4 e5 7. Nf3 Be7 8.
O-O h6 9. Qe2 O-O 10. Rd1 b5 11. Bb3 Nbd7 12. a4 Bb7 13. axb5 axb5 14. Rxa8
Qxa8 15. Qxb5 Bc6 16. Qe2 Nxe4 17. Nd5 Bg5 18. Qxe4 Nc5 19. Qc4 Nxb3 20.
Bxg5 Na5 21. Ne7+ Kh8 22. Qh4 Bxf3 23. gxf3 Qxf3 24. Rd3 Qe2 25. Bxh6 1-0

[Event "38th Olympiad w"]
[Site "Dresden GER"]
[Date "2008.11.15"]
[Round "3"]
[White "Jorgensen,L"]
[Black "Salem,Am"]
[Result "1-0"]
[WhiteElo "1946"]
[BlackElo "1779"]
[EventDate "2008.11.13"]

1. d4 d5 2. c4 e6 3. Nf3 Nf6 4. Nc3 Be7 5. Bg5 O-O 6. e3 Nbd7 7. Qc2 c5 8.
cxd5 exd5 9. Bd3 h6 10. Bh4 c4 11. Bf5 Nb6 12. Ne5 Ne8 13. Bg3 Nd6 14. Bxc8
Rxc8 15. O-O Bf6 16. a4 a5 17. Rad1 Qe7 18. Qe2 Ne4 19. Nxe4 dxe4 20. Qc2
Bxe5 21. dxe5 Rc6 22. Rd6 Rfc8 23. Rfd1 Rxd6 24. Rxd6 Rc6 25. Rd1 g6 26. h3
Qb4 27. Qxe4 Nxa4 28. Rd8+ Kg7 29. e6 Rxe6 30. Be5+ f6 31. Qd5 1-0

[Event "38th Olympiad w"]
[Site "Dresden GER"]
[Date "2008.11.15"]
[Round "3"]
[White "Berend,E"]
[Black "Nekrasova,E"]
[Result "1/2-1/2"]
[WhiteElo "2328"]
[BlackElo "2091"]
[EventDate "2008.11.13"]

1. e4 c5 2. Nf3 a6 3. d4 cxd4 4. Nxd4 Nf6 5. Bd3 e5 6. Nb3 d5 7. exd5 Nxd5
8. a3 Be7 9. O-O O-O 10. Qh5 f5 11. Rd1 Nf6 12. Bc4+ Kh8 13. Rxd8 Nxh5 14.
Rxf8+ Bxf8 15. Nc3 Nf6 16. Bg5 b5 17. Be2 Be6 18. Bf3 e4 19. Nd4 Bd7 20.
Be2 Nc6 21. Bxf6 gxf6 22. Rd1 Nxd4 23. Rxd4 Bc6 24. Rd1 Be7 25. Nd5 Bxd5
26. Rxd5 Rd8 27. Rxd8+ Bxd8 28. c4 bxc4 29. Bxc4 a5 30. Bd5 Bb6 31. Kf1 Kg7
32. g3 e3 33. fxe3 Bxe3 34. b4 axb4 35. axb4 h5 36. Ke2 f4 37. h3 Bc1 38.
gxf4 Bxf4 39. b5 Bc7 40. Kf3 h4 41. Ke4 1/2-1/2